Stochastic models, information theory, and Lie groups

Αποθηκεύτηκε σε:
Λεπτομέρειες βιβλιογραφικής εγγραφής
Κύριος συγγραφέας: Chirikjian, Gregory S.
Μορφή: Βιβλίο
Γλώσσα:English
Δημοσίευση: Boston : Birkhauser, c2009-c2012
Σειρά:Applied and numerical harmonic analysis
Θέματα:
Ετικέτες: Προσθήκη ετικέτας
Δεν υπάρχουν, Καταχωρήστε ετικέτα πρώτοι!

MARC

LEADER 00000cam a2200000 i 4500
001 1/58281
008 141017m20092012 eng d
020 |a 978-0-8176-4802-2 
020 |a 978-0-8176-4943-2 
035 |l 10119496 
040 |a GR-MY-UA  |b gre  |e aacr 
041 0 |a eng 
082 0 |a 515.2433  |2 (23) 
100 1 |a Chirikjian, Gregory S. 
245 1 0 |a Stochastic models, information theory, and Lie groups /  |c Gregory S. Chirikjian 
260 |a Boston :   |b Birkhauser,   |c c2009-c2012 
300 |a 2 τ.;  |b σχέδια;  |c 27 εκ. 
490 1 |a Applied and numerical harmonic analysis 
504 |a Περιέχει βιβλιογραφικές αναφορές και ευρετήριο 
505 0 |a Τ. 1. Classical results and geometric methods -- τ. 2. Analystic methods and modern applications 
650 0 0 |a Harmonic analysis. 
650 0 0 |a Stochastic processes. 
650 0 0 |a Lie groups. 
740 0 2 |a Classical results and geometric methods 
740 0 2 |a Analystic methods and modern applications 
830 0 |a Applied and numerical harmonic analysis 
852 |a INST  |b SAMOS  |e 20141017  |h 515.2433 CHI  |p 005300037083  |q 005300037083  |t BK  |y 0  |z τ.2 
852 |a INST  |b SAMOS  |e 20141113  |h 515.2433 CHI  |p 005300037179  |q 005300037179  |t BK  |y 0  |z τ.1 
852 |a INST  |b SAMOS  |e 20141017  |h 515.2433 CHI  |p 005300037083  |q 005300037083  |t BK  |v τ.2:  |y 0  |z τ.2 
852 |a INST  |b SAMOS  |e 20141113  |h 515.2433 CHI  |p 005300037179  |q 005300037179  |t BK  |v τ.1:  |y 0  |z τ.1 
853 |a INST  |b SAMOS  |h 515.2433 CHI 
901 |a BIBL3-2014-3 
909 |a Σ  |b 189191 
909 |a Σ  |b 189192 
922 |a 3ΕΛΗ  |b 201405  |c ΤΜΗΜΑ ΜΑΘΗΜΑΤΙΚΩΝ  |d ΔΙΑΔΡΟΜΕΣ 
970 |a ΚΟΣΙΕΡΗΣ  |b ΧΡΗΣΤΟΣ  |z 2014/10/17